02243 2200313 4500001002100000005001500021035002000036007000300056008004100059020002200100082001000122084001900132100002800151245018300179250003500362300004400397650001300441700003800454700003000492700003100522504003000553520118700583264005301770336002101823337003001844338002301874990001601897990001601913INLIS00000000116439120240813011331 a0010-0824000213ta240813 g 0 ind  a978-623-321-187-1 a305.8 aSR 305.8 ELV m0 aElvira Rumkabuepenulis1 aMerebut kendali kehidupan :bperjuangan orang Wambon di Boven Digoel menghadapi serbuan investasi /cElvira Rumkabu, Apriani Anastasia Amenes, Asrida Elisabeth, I Ngurah Suryawan aCetakan pertama, Februari 2023 axliv, 212 halaman :bIlustrasi ;c21 cm 4aEtnologi0 aApriani Anastasia Amenesepenulis0 aAsrida Elisabethepenulis0 aI Ngurah Suryawanepenulis aBibliografi : halaman 189 aBuku ini memuat khasanah pustaka tentang keberadaan Orang Asli Papua di daerah selatan Papua, khususnya Suku Wambon di Kampung Aiwat, yang secara administrasi pemerintahan dan politik berada di daerah 'frontier', daerah yang kaya dan menjadi rebutan, sasaran perluasan modal oleh korporasi transnasional maupun kelembagaan ekonomi penduduk migran semenjak zaman kolonial Belanda dan "zaman terang", yang mengendalikan sistem sosial ekonomi dan memporak-porandakan struktur sosial masyarakat di kampung. Kajian ini menyajikan secara lengkap situasi etnografi dan hubungan Suku Wambon dengan tanah dan hutan, situasi yang berubah, disharmoni dan perpecahan antara kelompok masyarakat, kebijakan dan pemaksaan yang mengeksklusi mereka, kontradiktif dengan amanat Undang Undang Otonomi Khusus Papua yang melindungi hak masyarakat adat. Terpapar konflik sosial yang tidak adil membuat kesadaran kritis masyarakat adat di Kampung Aiwat untuk melawan 'resistensi tiap hari dan mengembangkan prakarsa dalam berbagai bentuk aksi dan praktik. Membentuk kelompok usaha, penancapan salib berwarna merah, menghadiri pertemuan negosiasi, berjejaring dengan organisasi masyarakat sipil dan gereja. aJakarta :bYayasan Pustaka Obor Indonesia,c2023 2rdacontentaTeks 2rdamediaaTanpa perantara 2rdacarrieraVolume a53868.66688 a53869.66689